Most Populated U.S. Cities by Year - 1890 - Statistics

General Stats
  • This quiz has been taken 131 times
  • The average score is 19 of 20
Answer Stats
Population Entity Answer % Correct
1,099,900 Illinois Chicago
99%
1,515,300 New York New York City
99%
299,000 California San Francisco
99%
205,900 Michigan Detroit
98%
1,047,000 Pennsylvania Philadelphia
98%
230,400 District of Columbia Washington
98%
448,500 Massachusetts Boston
97%
242,000 Louisiana New Orleans
97%
238,600 Pennsylvania Pittsburgh
96%
451,800 Missouri St. Louis
96%
255,700 New York Buffalo
94%
164,700 Minnesota Minneapolis
94%
434,400 Maryland Baltimore
93%
161,100 Kentucky Louisville
93%
296,900 Ohio Cincinnati
91%
261,400 Ohio Cleveland
91%
204,500 Wisconsin Milwaukee
91%
181,800 New Jersey Newark
87%
163,000 New Jersey Jersey City
83%
806,300 New York Brooklyn
79%
No matching quizzes found
Score Distribution
Percent of People with Each Score
Percentile by Number Answered
Your Score History
You have not taken this quiz